| 000 | 00889nam a2200217Ia 4500 | ||
|---|---|---|---|
| 003 | IN-BaIIA | ||
| 008 | 211028s9999 xx 000 0 eng d | ||
| 020 | _a05-89118-58-8 | ||
| 040 | _cIIA Library | ||
| 080 |
_a524.3-54 _bMOD |
||
| 111 |
_aInternational Conference on Modern Problems of Stellar Evolution _cRussia _d1998 Oct. 13-15 _922802 |
||
| 245 | 0 |
_aModern problems of stellar evolution _bproceedings of the International conference in honor of Prof. A. G Massevitch's 80th birthday held in Zvenigorod, Russia, 13-15 Oct 1998 _cedited by D. S. Weibe |
|
| 260 |
_aGeos _bRussian Academy of Sciences _c1998 |
||
| 300 | _aviii, 311p. | ||
| 650 | _aStar formation | ||
| 650 | _aStellar evolution | ||
| 650 | _astellar structure | ||
| 700 |
_aWeibe, D.S ed. _922803 |
||
| 710 |
_aRussian Academy of Sciences _922804 |
||
| 942 | _cBK | ||
| 999 |
_c12985 _d12985 |
||